<?xml version="1.0" encoding="UTF-8"?><?xml-stylesheet type="text/xsl" href="static/style.xsl"?><OAI-PMH xmlns="http://www.openarchives.org/OAI/2.0/" xmlns:xsi="http://www.w3.org/2001/XMLSchema-instance" xsi:schemaLocation="http://www.openarchives.org/OAI/2.0/ http://www.openarchives.org/OAI/2.0/OAI-PMH.xsd"><responseDate>2026-04-13T01:29:48Z</responseDate><request verb="GetRecord" identifier="oai:www.recercat.cat:2072/459188" metadataPrefix="marc">https://recercat.cat/oai/request</request><GetRecord><record><header><identifier>oai:recercat.cat:2072/459188</identifier><datestamp>2026-03-21T03:44:06Z</datestamp><setSpec>com_2072_98</setSpec><setSpec>col_2072_378192</setSpec></header><metadata><record xmlns="http://www.loc.gov/MARC21/slim" xmlns:dcterms="http://purl.org/dc/terms/" xmlns:xsi="http://www.w3.org/2001/XMLSchema-instance" xmlns:doc="http://www.lyncode.com/xoai" xsi:schemaLocation="http://www.loc.gov/MARC21/slim http://www.loc.gov/standards/marcxml/schema/MARC21slim.xsd">
   <leader>00925njm 22002777a 4500</leader>
   <datafield ind2=" " ind1=" " tag="042">
      <subfield code="a">dc</subfield>
   </datafield>
   <datafield ind2=" " ind1=" " tag="720">
      <subfield code="a">Agustí, Cristina</subfield>
      <subfield code="e">author</subfield>
   </datafield>
   <datafield ind2=" " ind1=" " tag="720">
      <subfield code="a">Font Casaseca, Núria</subfield>
      <subfield code="e">author</subfield>
   </datafield>
   <datafield ind2=" " ind1=" " tag="720">
      <subfield code="a">Belvis Costes, Francesc Xavier</subfield>
      <subfield code="e">author</subfield>
   </datafield>
   <datafield ind2=" " ind1=" " tag="720">
      <subfield code="a">Julià, Mireia</subfield>
      <subfield code="e">author</subfield>
   </datafield>
   <datafield ind2=" " ind1=" " tag="720">
      <subfield code="a">Vives, Núria</subfield>
      <subfield code="e">author</subfield>
   </datafield>
   <datafield ind2=" " ind1=" " tag="720">
      <subfield code="a">Montoliu, Alexandra</subfield>
      <subfield code="e">author</subfield>
   </datafield>
   <datafield ind2=" " ind1=" " tag="720">
      <subfield code="a">Pericàs, Juan M.</subfield>
      <subfield code="e">author</subfield>
   </datafield>
   <datafield ind2=" " ind1=" " tag="720">
      <subfield code="a">Casabona-Barbarà, Jordi</subfield>
      <subfield code="e">author</subfield>
   </datafield>
   <datafield ind2=" " ind1=" " tag="720">
      <subfield code="a">Benach, Joan</subfield>
      <subfield code="e">author</subfield>
   </datafield>
   <datafield ind2=" " ind1=" " tag="260">
      <subfield code="c">2020</subfield>
   </datafield>
   <datafield ind2=" " ind1=" " tag="520">
      <subfield code="a">Spatial visualization of HIV surveillance data could improve the planning of programs to address the HIV epidemic. The objectives of the study were to describe the characteristics and the spatial distribution of newly diagnosed HIV infection in Catalonia and to identify factors associated with HIV infection rates. Surveillance data from the national registry were presented in the form of descriptive and ring maps and used to study the spatial distribution of new HIV diagnoses in Catalonia (2012-2016) and associated risk factors at the small area level (ABS, acronym for "basic health area" in Catalan). Incident cases were modeled using the following as predictors: type of municipality, prevalence of young men and migrant groups, GBMSM activity indicators, and other variables at the aggregated level. New HIV diagnoses are heterogeneously distributed across Catalonia. The predictors that proved to be significantly associated with a higher rate of new HIV diagnoses were ABS located in the city of Barcelona (IRR, 2.520; P &lt; 0.001), a higher proportion of men aged 15-44 years (IRR, 1.193; P = 0.003), a higher proportion of GBMSM (IRR, 1.230; P = 0.030), a higher proportion of men from Western Europe (IRR, 1.281; P = 0.003), a higher proportion of men from Latin America (IRR, 1.260; P = 0.003), and a higher number of gay locations (IRR, 2.665; P &lt; 0.001). No association was observed between the HIV diagnosis rate and economic deprivation. Ring maps revealed substantial spatial associations for the rate of new HIV diagnoses. New HIV diagnoses are concentrated in ABS located in urban areas. Our results show that, in the case of HIV infection, the socioeconomic deprivation index on which the Catalan government bases its budget allocation policies among the ABS should not be the only criterion used.</subfield>
   </datafield>
   <datafield tag="653" ind2=" " ind1=" ">
      <subfield code="a">HIV</subfield>
   </datafield>
   <datafield tag="653" ind2=" " ind1=" ">
      <subfield code="a">Small areas</subfield>
   </datafield>
   <datafield tag="653" ind2=" " ind1=" ">
      <subfield code="a">Income inequality</subfield>
   </datafield>
   <datafield tag="653" ind2=" " ind1=" ">
      <subfield code="a">Neighborhood environment</subfield>
   </datafield>
   <datafield ind2="0" ind1="0" tag="245">
      <subfield code="a">The role of socio-demographic determinants in the geo-spatial distribution of newly diagnosed HIV infections in small areas of Catalonia (Spain)</subfield>
   </datafield>
</record></metadata></record></GetRecord></OAI-PMH>